00484nam a2200145Ia 450000500170000000800410001704100080005808200160006610000240008224500420010626000340014865000220018299900190020495201150022320250729165807.0250729s2010 xx 000 0 und d aeng a370.50 CHAP aT.N.Chaabra9233139 aPrinciples and Practice of Management aIndiabDhanpat Rai & Coc2010 aEducation9233140 c240132d240132 00104070aALbALd2025-07-29eManagement Bookl0o370.50 CHAPpBED05451r2025-07-29 16:58:07w2025-07-29yBK